ბათუმის შოთა რუსთაველის სახელმწიფო უნივერსიტეტის ბიბლიოთეკა

Лучевая диагностика:Учебник. (ბიბ.ჩანაწერი № 44285)

000 -LEADER
fixed length control field 00835nam a2200253Ia 4500
001 - CONTROL NUMBER
control field 11043
003 - CONTROL NUMBER IDENTIFIER
control field GE_BSU
008 - FIXED-LENGTH DATA ELEMENTS--GENERAL INFORMATION
fixed length control field 181216s||||||||xx |||||||||||||| ||und||
020 ## - INTERNATIONAL STANDARD BOOK NUMBER
International Standard Book Number 9785951805485
040 ## - CATALOGING SOURCE
Transcribing agency GE_BSU
080 ## - UNIVERSAL DECIMAL CLASSIFICATION NUMBER
Universal Decimal Classification number 616-073.75(075.8)
100 ## - MAIN ENTRY--PERSONAL NAME
Personal name Королюк,И.П, Линденбратен,Л.Д.
245 ## - TITLE STATEMENT
Title Лучевая диагностика:Учебник.
245 ## - TITLE STATEMENT
Remainder of title Учебная литература для студентов медицинских вузов.
245 ## - TITLE STATEMENT
Statement of responsibility, etc. Худ.ред.Ф.В.Минаичев.
250 ## - EDITION STATEMENT
Edition statement 3-е изд,перераб.и доп.
260 ## - PUBLICATION, DISTRIBUTION, ETC.
Place of publication, distribution, etc. Москва
260 ## - PUBLICATION, DISTRIBUTION, ETC.
Name of publisher, distributor, etc. Издательство Бином.
260 ## - PUBLICATION, DISTRIBUTION, ETC.
Date of publication, distribution, etc. 2013.
300 ## - PHYSICAL DESCRIPTION
Extent 496стр,илл,25см.
653 ## - INDEX TERM--UNCONTROLLED
Uncontrolled term Лучевая диагностика.
942 ## - ADDED ENTRY ELEMENTS (KOHA)
Koha item type წიგნი
ეგზემპლარები
Withdrawn status Lost status Damaged status Not for loan Date acquired Barcode Date last seen Price effective from Koha item type
        2018-12-17 35342 2018-12-17 2018-12-17 წიგნი
        2018-12-17 35343 2018-12-17 2018-12-17 წიგნი
        2018-12-17 35344 2018-12-17 2018-12-17 წიგნი